[Event "Vasylyshyn Memorial IM"]
[Site "Lviv UKR"]
[Date "2010.11.29"]
[Round "7"]
[White "Vetoshko, Volodymyr"]
[Black "Huda, Maryana"]
[Result "1/2-1/2"]
[BlackTitle "WGM"]
[WhiteElo "2211"]
[BlackElo "2221"]
[WhiteFideId "14122480"]
[BlackFideId "14116553"]
[EventDate "2010.11.23"]
[EventType "tourn"]

1. e4 e5 2. Nf3 Nc6 3. Bb5 a6 4. Ba4 Nf6 5. d4 exd4 6. O-O Be7 7. Re1 b5 8. Bb3
d6 9. Bd5 Nxd5 10. exd5 Ne5 11. Nxd4 O-O 12. a4 Bg4 13. f3 Bd7 14. Nc3 b4 15.
Ne4 Re8 16. Bf4 Qb8 17. Kh1 Qb7 18. Nb3 Ng6 19. Be3 a5 20. c4 bxc3 21. Nxc3 Bf6
22. Bd2 Reb8 23. Ra3 Ne5 24. Qe2 Qa6 25. Qxa6 Rxa6 26. Re4 Nd3 27. Rc4 c6 28.
dxc6 Be6 29. Rd4 Bxd4 30. Nxd4 Rxb2 31. c7 Ra8 32. Bg5 Nc5 33. Bc1 Rb7 34. Ncb5
Bd7 35. Bf4 Nxa4 36. Rxa4 Bxb5 37. Rxa5 Ba6 38. h3 Rxc7 39. Bxd6 Rd7 40. Bc5 f6
41. Nf5 Kf7 42. Kh2 g6 43. Nd6+ Ke6 44. Ne4 Bb7 45. Rxa8 Bxa8 46. Nf2 Kd5 47.
Be3 Rb7 48. h4 Rb3 49. Bf4 Ke6 50. Kg3 h5 51. Nh3 Kf5 52. Bd2 Rb2 53. Be3 Bd5
54. Nf4 Bc4 55. Kh2 Rc2 56. Kg1 Bf7 57. Nh3 Rc4 58. Nf2 Bd5 59. g4+ Ke6 60. f4
hxg4 61. Nxg4 g5 62. hxg5 fxg5 63. Ne5 Re4 64. Bd2 gxf4 65. Nd3 Rd4 66. Nxf4+
Kf5 67. Nxd5 Rxd2 68. Ne3+ Kf4 69. Ng2+ Kg3 70. Ne1 Ra2 71. Kf1 Kf4 72. Ng2+ Ke4
73. Ne1 1/2-1/2

[Event "Vasylyshyn Memorial IM"]
[Site "Lviv UKR"]
[Date "2010.11.29"]
[Round "7"]
[White "Leinov, Roman"]
[Black "Duzhakov, Ilya"]
[Result "1-0"]
[BlackTitle "FM"]
[WhiteElo "2162"]
[BlackElo "2336"]
[WhiteFideId "13504649"]
[BlackFideId "4192516"]
[EventDate "2010.11.23"]
[EventType "tourn"]

1. d4 d5 2. c4 c6 3. Nc3 Nf6 4. Nf3 e6 5. cxd5 exd5 6. Bg5 Be7 7. Qc2 Nbd7 8. e3
O-O 9. Bd3 Re8 10. O-O Nf8 11. Rab1 g6 12. b4 a6 13. a4 Ne6 14. Bh4 Ng7 15. b5
axb5 16. axb5 Bf5 17. Bxf5 Nxf5 18. Bxf6 Bxf6 19. bxc6 bxc6 20. Na4 Rc8 21. Rfc1
Be7 22. Nc5 Nd6 23. Ne5 Bf6 24. Ned7 Bg7 25. Nb6 Rc7 26. Na6 Ra7 27. Qd3 Ne4 28.
Rxc6 Bh6 29. Rc8 Qxc8 30. Nxc8 Rxc8 31. Nb4 Nc3 32. Rf1 Bf8 33. Nc2 Ra2 34. Ra1
Rb2 35. Ne1 Ne4 36. f3 Nd2 37. e4 Bg7 38. Rd1 Nb3 39. exd5 Bxd4+ 40. Kh1 Rd8 41.
Qc4 Bb6 42. Qb5 1-0

[Event "Vasylyshyn Memorial IM"]
[Site "Lviv UKR"]
[Date "2010.11.30"]
[Round "8"]
[White "Nester, Ihor"]
[Black "Duzhakov, Ilya"]
[Result "1/2-1/2"]
[WhiteTitle "IM"]
[BlackTitle "FM"]
[WhiteElo "2340"]
[BlackElo "2336"]
[WhiteFideId "14107600"]
[BlackFideId "4192516"]
[EventDate "2010.11.23"]
[EventType "tourn"]

1. Nf3 Nf6 2. c4 c6 3. d4 d5 4. Nc3 dxc4 5. a4 Bf5 6. Ne5 Nbd7 7. Nxc4 Qc7 8. g3
e5 9. dxe5 Nxe5 10. Bf4 Nfd7 11. Bg2 f6 12. O-O O-O-O 13. Qc1 Nc5 14. Bxe5 fxe5
15. Qe3 Nb3 16. Rad1 Bc5 17. Qxe5 Bc2 18. Rxd8+ Rxd8 19. Qe6+ Kb8 20. Ne3 Rd6
21. Qe5 Rd2 22. Qe8+ Rd8 23. Qe6 Rd6 24. Qg8+ Rd8 25. Qe6 Rd6 1/2-1/2

[Event "Vasylyshyn Memorial IM"]
[Site "Lviv UKR"]
[Date "2010.11.30"]
[Round "8"]
[White "Grekh, Andrey"]
[Black "Vetoshko, Volodymyr"]
[Result "1/2-1/2"]
[WhiteTitle "IM"]
[WhiteElo "2373"]
[BlackElo "2211"]
[WhiteFideId "14112418"]
[BlackFideId "14122480"]
[EventDate "2010.11.23"]
[EventType "tourn"]

1. e4 e5 2. Nf3 Nc6 3. Bb5 a6 4. Ba4 Nf6 5. O-O Nxe4 6. d4 b5 7. Bb3 d5 8. dxe5
Be6 9. Qe2 Be7 10. Rd1 O-O 11. c4 bxc4 12. Bxc4 Bc5 13. Be3 Bxe3 14. Qxe3 Qb8
15. Bb3 Na5 16. Nbd2 Qa7 17. Qxa7 Rxa7 1/2-1/2

[Event "Vasylyshyn Memorial IM"]
[Site "Lviv UKR"]
[Date "2010.11.30"]
[Round "8"]
[White "Bargan, Sergei"]
[Black "Meleshko, Vladimir"]
[Result "0-1"]
[WhiteTitle "IM"]
[WhiteElo "2347"]
[BlackElo "2252"]
[WhiteFideId "13900854"]
[BlackFideId "14111055"]
[EventDate "2010.11.23"]
[EventType "tourn"]

1. d4 Nf6 2. c4 e6 3. Nc3 d5 4. cxd5 exd5 5. Bg5 Nbd7 6. e3 c6 7. Bd3 Be7 8. Qc2
O-O 9. Nf3 Re8 10. O-O Nf8 11. Rab1 Ng6 12. Nd2 Bd6 13. h3 h6 14. Bxf6 Qxf6 15.
Rbe1 Bxh3 16. gxh3 Qg5+ 17. Kh1 Nf4 18. Rg1 Qh4 19. Rg2 Nxh3 20. Nf3 Nxf2+ 21.
Kg1 Nh3+ 22. Kf1 Qf6 23. Bh7+ Kh8 24. Qf5 Qe6 25. Qxe6 Rxe6 26. Bf5 Rf6 27. Bg4
Re8 28. Rge2 Ng5 29. Kg2 Ne4 30. Nxe4 dxe4 31. Nh4 g6 32. Rf2 Be7 33. Rxf6 Bxf6
34. Kh3 Bg5 35. Bd1 Kg7 36. Ng2 f5 37. Bb3 Kf6 38. Rc1 Rd8 39. Rc5 Re8 40. Ba4
Rd8 41. Rc3 h5 42. b4 a6 43. Bd1 Bxe3 44. Nxe3 Rxd4 45. Bb3 f4 46. Nf1 Rxb4 47.
Bc2 Rd4 48. Rb3 g5 49. Rxb7 e3 50. Rb1 g4+ 51. Kh4 e2 52. Kxh5 g3 53. Kh6 Rd1 0-1

[Event "Vasylyshyn Memorial IM"]
[Site "Lviv UKR"]
[Date "2010.11.30"]
[Round "8"]
[White "Terletsky, Oleg"]
[Black "Tsyhanchuk, Stanislav"]
[Result "1/2-1/2"]
[BlackTitle "FM"]
[WhiteElo "2170"]
[BlackElo "2328"]
[WhiteFideId "14116774"]
[BlackFideId "13505130"]
[EventDate "2010.11.23"]
[EventType "tourn"]

1. e4 Nf6 2. Nc3 d5 3. e5 d4 4. exf6 dxc3 5. fxg7 cxd2+ 6. Qxd2 Qxd2+ 7. Bxd2
Bxg7 8. O-O-O Nc6 9. Ne2 Bd7 10. Nc3 O-O-O 11. Bc4 Ne5 12. Bb3 Ng4 13. Rde1 e6
14. f3 Nh6 15. Bg5 Rde8 16. Ne4 Rhg8 17. Re2 Bc6 18. c3 Nf5 19. Rd1 Be5 20. f4
Bh8 21. Ng3 Nd6 22. Rde1 a5 23. a4 b5 24. axb5 Bxb5 25. Re3 a4 26. Ba2 Bc6 27.
R1e2 Bb5 28. Re1 Bc4 29. Bxc4 Nxc4 30. Re4 Nd6 31. Rxa4 f6 32. Bxf6 Bxf6 33.
Rxe6 Bd8 34. Rxe8 Nxe8 35. Kd1 Nf6 36. Ke2 Kd7 37. Kf3 Ng4 38. Nf1 Be7 1/2-1/2

[Event "Vasylyshyn Memorial IM"]
[Site "Lviv UKR"]
[Date "2010.12.01"]
[Round "9"]
[White "Tsyhanchuk, Stanislav"]
[Black "Nester, Ihor"]
[Result "1-0"]
[WhiteTitle "FM"]
[BlackTitle "IM"]
[WhiteElo "2328"]
[BlackElo "2340"]
[WhiteFideId "13505130"]
[BlackFideId "14107600"]
[EventDate "2010.11.23"]
[EventType "tourn"]

1. e4 e5 2. Nf3 Nc6 3. Bc4 Nf6 4. d3 Bc5 5. c3 d6 6. Bb3 O-O 7. h3 h6 8. Nbd2 a6
9. Nf1 Ne7 10. Ng3 Ba7 11. O-O Kh8 12. d4 exd4 13. Nxd4 Ng6 14. Re1 Nd7 15. Ndf5
Nc5 16. Qh5 Bxf5 17. Nxf5 Qf6 18. Bc2 Rae8 19. Be3 Ne5 20. b4 Ncd3 21. Bxd3 Nxd3
22. Bxa7 Nxe1 23. Bd4 Qg6 24. Bxg7+ Kh7 25. Qxh6+ Qxh6 26. Bxh6 Nc2 27. Rc1 Rg8
28. Rxc2 Rxe4 29. Be3 1-0

[Event "Vasylyshyn Memorial IM"]
[Site "Lviv UKR"]
[Date "2010.12.01"]
[Round "9"]
[White "Meleshko, Vladimir"]
[Black "Terletsky, Oleg"]
[Result "1-0"]
[WhiteElo "2252"]
[BlackElo "2170"]
[WhiteFideId "14111055"]
[BlackFideId "14116774"]
[EventDate "2010.11.23"]
[EventType "tourn"]

1. e4 e5 2. Nf3 Nc6 3. Bc4 Nf6 4. Ng5 d5 5. exd5 Nd4 6. c3 b5 7. Bf1 Nxd5 8.
cxd4 Qxg5 9. Bxb5+ Kd8 10. O-O Bb7 11. Qf3 Rb8 12. dxe5 Ne3 13. Qh3 Qxg2+ 14.
Qxg2 Nxg2 15. d4 Be7 16. Be2 Nh4 17. f3 f6 18. Be3 fxe5 19. dxe5 Rf8 20. Nd2 Rf5
21. Rad1 Ke8 22. f4 g5 23. Bh5+ Kf8 24. fxg5 Kg8 25. Nc4 Rbf8 26. Rxf5 Nxf5 27.
e6 Nxe3 28. Bf7+ Kg7 29. Nxe3 Bxg5 30. Nf5+ Kh8 31. h4 Bf6 32. Rd7 Be4 33. Ng3
Bg6 34. h5 Bxf7 35. exf7 Bxb2 36. Nf5 Be5 37. h6 Bf4 38. Re7 Bxh6 39. Nxh6 Kg7
40. Re8 1-0

[Event "Vasylyshyn Memorial IM"]
[Site "Lviv UKR"]
[Date "2010.12.01"]
[Round "9"]
[White "Duzhakov, Ilya"]
[Black "Huda, Maryana"]
[Result "1-0"]
[WhiteTitle "FM"]
[BlackTitle "WGM"]
[WhiteElo "2336"]
[BlackElo "2221"]
[WhiteFideId "4192516"]
[BlackFideId "14116553"]
[EventDate "2010.11.23"]
[EventType "tourn"]

1. d4 Nf6 2. c4 e6 3. g3 Bb4+ 4. Bd2 Be7 5. Bg2 d5 6. Nf3 O-O 7. O-O c6 8. Qc2
b6 9. Ne5 Bb7 10. Rd1 Nfd7 11. Nf3 Na6 12. Bf4 Nb4 13. Qc1 dxc4 14. Nbd2 b5 15.
b3 cxb3 16. Nxb3 Qb6 17. e4 c5 18. a3 Nc6 19. Be3 cxd4 20. Nfxd4 Nxd4 21. Bxd4
Qa6 22. Bxg7 Rfd8 23. Bb2 e5 24. Qe3 Qe6 25. Na5 Qa6 26. Nxb7 Qxb7 27. Rd5 f6
28. Qb3 Kg7 29. Rxb5 Qc6 30. Rc1 Nc5 31. Qc4 Rab8 32. a4 a6 33. Rxb8 Rxb8 34.
Ba3 Rc8 35. h4 Rc7 36. Bf3 Qe8 37. Qd5 Rd7 38. Qa2 Nd3 39. Rc6 Nb4 40. Bxb4 Bxb4
41. Rxa6 Rd2 42. Qc4 Qe7 43. Rc6 Bd6 44. Rc8 Qa7 45. Be2 Qb7 46. Rg8+ Kh6 47. g4
Be7 48. g5+ 1-0